00309nam a2200133Ia 45000030006000000080041000060400015000471000016000622450048000782500011001262600009001375460012001460050017001580STCL150530s9999 xx 000 0 und d aSTCLcSTCL aHunck, J.M. aIndia tomorrow pattern of Ind-German future aSecond c1967 aEnglish20220125165500.0